Simpulan bahasal

Bibliographic Details
Format: Book
Published: Selangor : Penerbitan PCT sdn.bhd , 2002
Series:Siri Khazanah Bahasa
Subjects:

MARC

LEADER 00000cam a2200000 7i4500
001 0000073775
005 20170607.0
008 170506
020 |a 9832472172(set) 
020 |a 9832472199 
090 0 0 |a EDU   |b MAL 
245 1 0 |a Simpulan bahasal   |c Panel penulis PCT 
260 |a Selangor :   |b Penerbitan PCT sdn.bhd ,   |c 2002 
440 |a Siri Khazanah Bahasa 
500 |a Children ages 10-12 years old (pink) 
650 0 |a Education, Malay 
999 |a 0000013677   |b Book   |c Children Collection   |e Cawangan Taman Universiti 
999 |a 0000013678   |b Book   |c Children Collection   |e Cawangan Taman Universiti 
999 |a 0000013679   |b Book   |c Children Collection   |e Cawangan Taman Universiti